000 00511nam a2200169 a 4500
999 _c308
_d308
020 _a0442227450 (hardcover)
020 _a9780442227456 (hardcover)
082 _a621.382GAG
100 1 _aGagliardi, Robert M.
245 1 0 _aSatellite communications /
250 _a1st ed.
260 _a[S.l.] :
_bSpringer,
_c2004.
300 _a584 p. ;
650 _aArtificial satellites in telecommunication
_aTelecommunication
856 4 0 _uhttp://www.amazon.com/exec/obidos/ASIN/0442227450/chopaconline-20
942 _cBK